000 00500nam a2200157Ia 4500
008 210716s2009 xx 000 0 und d
020 _a9780070402676
041 _aeng
082 _a658.4038 DAVG
100 _aDavis, Gordon B;Olson, Margrethe.
245 _aManagement information systems.
_bconceptual foundations structure and development.
250 _a2
260 _aNew Delhi
_bTata McGraw Hill Publishing Company Ltd
_c2009
300 _aix,693
650 _aManagement Information Systems
999 _c204375
_d204375